• 首页
  • 本馆介绍
  • 公告通知
  • 最新文献
  • 馆藏检索
  • 电子资源
  • 读者导购
  • 参考咨询
  • 我的图书馆
  • 登录
  • 详细信息显示
  • 放入我的书架
  • 预约/预借图书
  • 作者相关作品
  • 分类相关作品
  • 丛书相关作品
  • 出版社相关作品

书目信息

  • 表格格式
  • 工作单格式
  • 卡片格式
题名:
现代时尚运动理论与实践研究
    
 
作者: 薛英俊 著
分册:  
出版信息: 北京   中国书籍出版社  2021.1
页数: 250页
开本: 24cm
丛书名: 艺术体育论著丛刊
单 册:
中图分类: G8
科图分类:
主题词: 体育运动--研究
电子资源:
ISBN: 978-7-5068-7607-0
000 01072nam2 2200289 45
001 012001001715
005 20141011101706.0
010    @a978-7-5068-7607-0@dCNY76.00
100    @a20210118d2021 em y0chiy50 ea
101 0  @achi
102    @aCN@b110000
105    @aa az 000yy
106    @ar
200 1  @a现代时尚运动理论与实践研究@Axian dai shi shang yun dong li lun yu shi jian yan jiu@f薛英俊著
210    @a北京@c中国书籍出版社@d2021.1
215    @a250页@c图@d24cm
225 1  @a艺术体育论著丛刊@i高校学术研究论著丛刊
320    @a有书目(第246-250页)
330    @a本书针对现代时尚运动价值和其他理论知识的分析以及对目前较为流行的时尚运动的开展方法进行指导。主要内容包括时尚运动概述、运动行为与时尚运动解读,时尚运动保障,运动项目中体育舞蹈、球类、户外运动等时尚运动的实践指导等。
410  0 @12001 @a艺术体育论著丛刊
461  0 @12001 @a艺术体育论著丛刊
462  0 @12001@a高校学术研究论著丛刊
606 0  @a体育运动@x研究
690    @aG8@v5
701  0 @a薛英俊@Axue ying jun@4著
801  0 @aCN@b江苏凤凰@c20211018
905    @b1345433-6@dG8@e909@f4
    
    现代时尚运动理论与实践研究/薛英俊著.-北京:中国书籍出版社,2021.1
    250页:图;24cm.-(艺术体育论著丛刊.高校学术研究论著丛刊)
    
    
    ISBN 978-7-5068-7607-0:CNY76.00
    本书针对现代时尚运动价值和其他理论知识的分析以及对目前较为流行的时尚运动的开展方法进行指导。主要内容包括时尚运动概述、运动行为与时尚运动解读,时尚运动保障,运动项目中体育舞蹈、球类、户外运动等时尚运动的实践指导等。
●
相关链接 在E读中查询图书 在五车中查询图书 在当当中查询图书 在豆瓣中查询图书


正题名:现代时尚运动理论与实践研究     索取号:G8/909         预约/预借

序号 登录号 条形码 馆藏地/架位号 状态 备注
1 1345433   213454331   第一样本阅览室/ [索取号:G8/909] 在馆    
2 1345434   213454340   第四借阅区/ [索取号:G8/909] 在馆    
3 1345435   213454359   第四借阅区/ [索取号:G8/909] 在馆    
4 1345436   213454368   第四借阅区/ [索取号:G8/909] 在馆    
唐山师范学院图书馆 欢迎您!
大连网信软件有限公司© 版权所有